000 01341cam a2200241 4500
001 ##L135775
008 061211n2006 000 0 eng u
020 _a0117539732
_a9780117539730
035 _a(Sirsi) u135775
041 0 _aeng
050 0 4 _a711.26 $2 18
110 1 _aUnited Kingdom
_bDepartment for Communities and Local Government
_94939
245 0 4 _aThe Town and Country Planning (Flooding) (England) Direction 2007
_h[electronic resource]
260 _aLondon
_bTSO
_c2006
490 0 _aDCLG Circular
_v04/2006
520 _aIntroduces a new arrangement to safeguard against cases where local planning authorities have granted planning permission for inappropriate development in flood risk areas, against Environment Agency advice. The Direction requires a local planning authority to inform the SoS of any application for major development in a flood risk area, where it is inclined to grant permission, against advice on flood risk from the Environment Agency. Comes into force 1 January 2007.
590 _aKA NTK
650 2 4 _aDCLG CIRCULAR 04/2006
651 4 _aEngland
_y886-
690 _aENVIRONMENTAL AND LAND CONSULTANCY-PLANNING AND DEVELOPMENT-PLANNING GUIDANCE
856 4 0 _uhttps://www.communities.gov.uk/index.asp?id=1504645
_zView the Circular free of charge at www.communities.gov.uk...
942 _n0
999 _c106205
_d106205